Dragonforce Guess The Song - Statistics

General Stats
  • This quiz has been taken 89 times
  • The average score is 8 of 17
Answer Stats
Hint Answer % Correct
Strong in command Blessed by the union, freedom of man Cry Thunder
83%
Near, far, wherever you are I believe that the heart does go on My Heart Will Go On
69%
This is my symphony Symphony Of The Night
61%
Into the fires of forever we will flare through the heavens Fury Of The Storm
54%
Rise above the universe tonight, Starchaser... Heroes Of Our Time
54%
No winter lasts forever Seasons
54%
So now we fly ever free Through The Fire And Flames
54%
Burning fires burning lives on the long distant roads Soldiers Of The Wasteland
51%
Supersonic power, on the wings of a dream Highway To Oblivion
46%
On the wings of life, by the hands of hope Valley Of The Damned
46%
Forever hold the dream inside the chance to fight another fight Operation Ground And Pound
42%
So why was I born Not a part of this society? The Game
37%
Fly free for what we believe Cry For Eternity
36%
Life was good but now just let me go Razorblade Meltdown
36%
It's just one wasted man in one wasted land Inside The Winter Storm
29%
We're the masters of the stars and of all time Midnight Madness
29%
We come from distant lands we travel so far Black Fire
17%
No matching quizzes found
Score Distribution
Percent of People with Each Score
Percentile by Number Answered
Your Score History
You have not taken this quiz